| 000 | 00899nam a2200241Ia 4500 | ||
|---|---|---|---|
| 003 | CO-CtgCURN | ||
| 005 | 20250408220034.0 | ||
| 008 | 190722s9999 xx 000 0 und d | ||
| 020 | _a8484062481 | ||
| 040 |
_aCO-CtgCURN _bspa _ccoctgcurn |
||
| 082 |
_a342.06 _bP792d |
||
| 100 | _aPonce Sole, Juli | ||
| 245 | 0 |
_aDeber de buena administracion y derecho al procedimiento debido : _blas bases constitucionales del procedimiento administrativo y del ejerccio de la discrecionalidad / _cJuli Ponce Sole |
|
| 260 |
_aEspana : _bLex Nova, _c2001 |
||
| 300 |
_a862 páginas ; _c23 centĂmetros |
||
| 490 |
_aDerecho Publico ; _v9 |
||
| 521 | _aAREA PROFESIONAL | ||
| 590 | _aPrograma de Derecho_18 | ||
| 650 | _aDerecho administrativo | ||
| 650 | _aDiscrecion judicial | ||
| 942 |
_cBK _h342.06 _iP792d _2ddc _n0 |
||
| 999 |
_c28370 _d28370 |
||